Borussia Dortmund's 6-0 Losing Team Versus Bayern Munich - Statistics

General Stats
  • This quiz has been taken 43 times
  • The average score is 7 of 18
Answer Stats
Position Answer % Correct
GK Roman Burki
88%
LB Marcel Schmelzer
79%
RB Lukasz Piszczek
62%
GK(Sub) Roman Weidenfeller
59%
CM Mario Gotze
56%
CDM(Sub) Julian Weigl
44%
CM Mahmoud Dahoud
41%
CB Manuel Akanji
41%
CB Sokratis Papastathopoulos
41%
LW Christian Pulisic
38%
CM Gonzalo Castro
38%
CF(Sub) Maximilian Philipp
24%
RW Andre Schurrle
21%
ST(Sub) Alexander Isak
18%
CDM(Sub) Nuri Sahin
18%
RWB(Sub) Jeremy Toljan
15%
CAM(Sub) Sergio Gomez
6%
ST Michy Batshuayi
3%
No matching quizzes found
Score Distribution
Percent of People with Each Score
Percentile by Number Answered
Your Score History
You have not taken this quiz